Role and Structure of user changes in financing urban services in developing countries (Record no. 13975)

000 -LEADER
fixed length control field 00439pab a2200145 454500
008 - FIXED-LENGTH DATA ELEMENTS--GENERAL INFORMATION
fixed length control field 180718b1986 xxu||||| |||| 00| 0 eng d
100 ## - MAIN ENTRY--PERSONAL NAME
Personal name Ved Prakash
245 ## - TITLE STATEMENT
Title Role and Structure of user changes in financing urban services in developing countries
260 ## - PUBLICATION, DISTRIBUTION, ETC.
Date of publication, distribution, etc. 1986
300 ## - PHYSICAL DESCRIPTION
Extent 1-24
362 ## - DATES OF PUBLICATION AND/OR SEQUENTIAL DESIGNATION
Dates of publication and/or sequential designation Autumn
650 ## - SUBJECT ADDED ENTRY--TOPICAL TERM
Topical term or geographic name entry element Municipal Services - Finance - Underdeveloped Areas
773 ## - HOST ITEM ENTRY
Main entry heading Regional Development Dialogue
909 ## -
-- 13975
Holdings
Withdrawn status Lost status Damaged status Not for loan Permanent Location Current Location Date acquired Serial Enumeration / chronology Barcode Date last seen Price effective from Koha item type
        Indian Institute of Public Administration Indian Institute of Public Administration 2018-07-19 Volume no: 7, Issue no: 2 AR14018 2018-07-19 2018-07-19 Articles

Powered by Koha